|
|
|
|
| LEADER |
00000nab a22000001a 4500 |
| 001 |
vtls009308778 |
| 003 |
SK-MaSNL |
| 005 |
20260304000942.0 |
| 008 |
190315d19270108xo |r|p|||| |000 b|slo |
| 015 |
|
|
|a SNBRRBVU1918-1938
|
| 015 |
|
|
|a SNBRB1918-1938
|
| 038 |
|
|
|a SNKBUCL
|
| 038 |
|
|
|a SNKBUVU
|
| 040 |
|
|
|a SNKBUVU
|b slo
|c SNKBUCL
|e AACR2
|
| 041 |
0 |
|
|a slo
|
| 044 |
|
|
|a xo
|c SK
|
| 080 |
|
|
|a 75.071.1:061.4
|2 1997
|
| 080 |
|
|
|a 061.4
|2 1997
|
| 245 |
0 |
0 |
|a Výstava akadem. maliara Mandela v Košiciach
|
| 600 |
1 |
7 |
|a Mandel, Jiří,
|d 1886-1971
|x výstavy
|2 snkbucl
|9 1047505
|
| 610 |
2 |
7 |
|a Východoslovenské múzeum
|2 MM
|9 29561
|
| 648 |
|
7 |
|a 1926
|2 MM
|9 296465
|
| 651 |
|
7 |
|a Košice (Slovensko)
|2 MM
|9 18694
|
| 773 |
0 |
|
|t Nové Slovensko
|g Roč. 4, č. 2 (8.1.1927), s. 8
|
| 852 |
|
|
|a SNK
|b KIS3GCP
|
| 910 |
|
|
|a snkrbvumm
|
| 958 |
|
|
|a VY
|
| 999 |
|
|
|c 2533859
|d 2535789
|